'B' Funko Pop! Characters Quiz Stats

 Plays Quiz not verified by Sporcle

Score 0/20 Timer 03:00
8 Plays Today
% Correct
Bart Simpson
98.1%
Buzz Lightyear
96.9%
Bugs Bunny
96.6%
Batman
96.4%
Beast
96.2%
Black Panther
96%
Buddy
95.5%
Bumblebee
95.2%
BB-8
95.1%
Bob Belcher
93%
% Correct
Brain
92.8%
Bullwinkle
92.6%
Bane
92.5%
Bellatrix
92%
Boba Fett
91.8%
Bender
91%
The Bride
88%
Boromir
87.1%
Beavis
86.5%
Bran Stark
82.3%

You're not logged in!

Compare scores with friends on all Sporcle quizzes.
OR
Log In

Sporcle TV

Today on Sporcle TV


Watch our educational content, quiz creation guides, and fun videos on Sporcle TV.

Show Comments

Extras

Top Quizzes Today


Score Distribution

Your Account Isn't Verified!

In order to create a playlist on Sporcle, you need to verify the email address you used during registration. Go to your Sporcle Settings to finish the process.

Report this User

Report this user for behavior that violates our Community Guidelines.

Details: